[Event "YUG-ch"]
[Site "Podgorica"]
[Date "1996.??.??"]
[Round "12"]
[White "Arsovic, Zoran"]
[Black "Drazic, Sinisa"]
[Result "0-1"]
[WhiteElo "2460"]
[BlackElo "2445"]
[Annotator "Ribli,Z"]
[PlyCount "110"]
[EventDate "1996.02.??"]
[EventType "tourn"]
[EventRounds "15"]
[EventCountry "YUG"]
[EventCategory "9"]
[SourceTitle "CBM 053"]
[Source "ChessBase"]
[SourceDate "1996.08.01"]
[SourceVersion "1"]
[SourceVersionDate "1996.08.01"]
[SourceQuality "1"]

1. c4 e6 2. g3 Nf6 3. Nf3 a6 {Romanishin spielt diesen Zug gern.} 4. Bg2 b5 5.
b3 c5 $5 (5... Bb7 $6 6. Nc3 $5 {>< b5}) 6. O-O Bb7 7. Nc3 Qb6 8. e3 Be7 9. Qc2
$146 {Weisse Dame schaut von hier nach h7, aber das ist zu optimistisch.} (9.
d4 Ne4 $6 (9... d6 10. Qe2 b4 11. Na4 Qc7 12. Bb2 Nbd7 13. Ne1 (13. Rfd1 $5 O-O
14. dxc5 dxc5 15. Ne1 $14 {Van der Sterren,P-Nikolic,Pr/Wijk/1988/CBM05/INF45,
(10)/}) 13... O-O 14. dxc5 Bxg2 15. Nxg2 Nxc5 $13 {Jackelen,T-Kengis,E/
Godesburg GM/1995/}) 10. Bb2 O-O 11. dxc5 Bxc5 12. Qc2 Nxc3 13. Qxc3 $14 {
Ribli,Z-Kindermann,S/Munich/1988/CBM07/INF45,10/}) 9... O-O 10. Bb2 Nc6 11.
Rac1 Rfc8 $1 12. Rfd1 h6 13. Ba1 Rab8 {Jetzt stehen die schwarzen Tuerme auf
den richtigen Linien.} 14. d4 {Weiss oeffnet die Stellung, aber es waere
besser noch zu warten.} (14. d3 $5) 14... cxd4 $1 {Natuerlich will Schwarz d5
nicht lassen.} 15. exd4 bxc4 16. bxc4 d5 $1 {[#] Jetzt steht Weiss vor einer
schwierigen Entscheidung: Wenn er d5 nimmt, dann bleibt sein d-Bauern schwach,
wenn er es nicht nimmt -die Partie-, dann kann beide -c5,d4- Bauern schwach
sein. Das Hauptproblem ist fuer Weiss, dass sein a1-Laeufer nicht mehr richtig
ins Spiel kommen kann.} 17. c5 (17. cxd5 Nb4 {/\ Nxd5}) 17... Qc7 18. Rb1 Nd7
19. Qa4 $6 {Dieser schablonenhafte und fehlerhafte Zug fuehrt nur zum
Tempoverlust.} Bf6 $1 {>< d4} 20. Qa3 Na5 21. Qc1 Nc4 22. Rb3 Bc6 23. Qc2 Re8
24. Nd2 Na5 25. Rxb8 Rxb8 26. Qd3 Bb5 $1 {Schwarz gibt seinen Laeufer ab, aber
bekraeftig er seinen Anspruch auf den wichtigen c4-Punkt.} 27. Nxb5 axb5 28.
Rb1 Nc4 29. Nxc4 bxc4 30. Qc2 Rxb1+ 31. Qxb1 Qb8 $1 32. Qe1 {[#] Schwarz hat
eine ueberlegene Stellung gehabt, aber wie kann er seinen Vorteil bis zum Sieg
verwerten ?} (32. Qxb8+ $2 Nxb8 33. a4 Nc6 $19 {>< d4}) 32... Qa7 33. Qb1 Qb8
34. Qe1 Qa7 35. Qb1 Nb8 $1 36. Bc3 (36. Qb6 Qa8 {/\ Nc6 >< d4}) 36... Nc6 {
[#] Schwarz hat sein erstes Ziel erreicht, er soll noch die Dame tauschen oder
mit der Dame den d4-Bauern angreiffen. In beidem Fall wird die weisse Stellung
sofort zusammenbrechen gleich einem Kartenhaus.} 37. Qb2 Qb8 38. Qa1 (38. Qxb8+
Nxb8 39. a4 Nc6 40. a5 Bxd4 41. Bxd4 Nxd4 42. a6 Nc6 43. Bf3 Kf8 44. Bd1 Ke7
45. Ba4 Na7 $19) 38... Bd8 39. Qe1 Kf8 40. f4 Bf6 41. Qa1 g6 42. Bh3 h5 43. Qd1
Qa8 44. Qd2 Qb7 45. Qd1 Ke7 $1 46. Bf1 Qa8 $1 47. Qd2 Qh8 $1 {[#] Endlich hat
der Nachziehende den Gewinnweg gefunden.} 48. Qb2 Bxd4+ 49. Kg2 Bxc3 50. Qb7+
Kf6 51. Qxc6 Qb8 $1 52. Qd7 Qb2+ 53. Kh3 Qf2 54. Bg2 Qxc5 55. f5 Qf2 $1 {Ribli}
0-1

[Event "Munich"]
[Site "Munich"]
[Date "1990.??.??"]
[Round "?"]
[White "Bischoff, Klaus"]
[Black "Ribli, Zoltan"]
[Result "1/2-1/2"]
[WhiteElo "2505"]
[BlackElo "2605"]
[Annotator "Ribli,Z"]
[PlyCount "30"]
[EventDate "1990.04.??"]
[EventType "tourn"]
[EventRounds "11"]
[EventCountry "GER"]
[EventCategory "13"]
[SourceTitle "CBM 018"]
[Source "ChessBase"]
[SourceDate "1990.10.01"]
[SourceVersion "1"]
[SourceVersionDate "1990.10.01"]
[SourceQuality "1"]

1. Nf3 Nf6 2. c4 e6 3. g3 d5 4. Bg2 dxc4 5. Qa4+ Nbd7 6. O-O a6 7. Qxc4 b5 8.
Qc2 Bb7 9. b3 Be7 10. Bb2 c5 11. d3 O-O 12. Nbd2 Rc8 13. Rac1 Rc7 14. Qb1 Qa8
15. Qa1 Rfc8 (15... Rd8 16. Rfd1 Rcc8 17. Ne1 {1/2-1/2 Ruf,M-Schlosser,P/
GER-ch Bad Neuenahr 1989 (17)}) 1/2-1/2

[Event "Capablanca Memorial-A"]
[Site "Matanzas"]
[Date "1994.??.??"]
[Round "11"]
[White "Miles, Anthony John"]
[Black "Vera Gonzalez Quevedo, Reynaldo"]
[Result "1-0"]
[WhiteElo "2590"]
[BlackElo "2500"]
[Annotator "Ribli,Z"]
[PlyCount "75"]
[EventDate "1994.??.??"]
[EventType "tourn"]
[EventRounds "11"]
[EventCountry "CUB"]
[EventCategory "10"]
[SourceTitle "CBM 043"]
[Source "ChessBase"]
[SourceDate "1994.12.01"]
[SourceVersion "1"]
[SourceVersionDate "1994.12.01"]
[SourceQuality "1"]

1. c4 e6 2. g3 d5 3. Bg2 Nf6 4. Nf3 dxc4 5. Qa4+ Nbd7 6. Qxc4 c5 7. O-O (7. Qb3
$5) 7... a6 (7... b6 $5) 8. a4 (8. Qc2 $5) 8... b5 9. Qb3 (9. Qc2 Bb7 10. d3
Be7 11. Nc3 Bc6 12. Bf4 O-O 13. Ne5 $10 {Sideif Sade,F-Suetin,A/Nabereznye
Chelny/1993/CBM37/}) 9... c4 $6 (9... Bb7 $5 10. d3 Bd5 11. Qc2 Be7 $10 {
Romanishin,O-Polugaevsky,L/USSR-ch/1975/INF20,35/}) 10. Qd1 Bb7 11. d3 $5 (11.
b3 cxb3 12. axb5 axb5 13. Rxa8 Qxa8 14. Qxb3 b4 $10) 11... cxd3 12. Qxd3 b4 (
12... Nc5 13. Qxd8+ Rxd8 14. axb5 axb5 15. Nc3 $14) 13. Be3 Be7 14. Nbd2 O-O
15. Rfc1 Qb8 $2 (15... Rc8 16. Nb3 $14) 16. Bf4 e5 (16... Qa7 17. Rc7 $18) 17.
Nxe5 $1 Nxe5 (17... Bxg2 18. Nxd7 $18) 18. Bxe5 Qxe5 19. Bxb7 Rad8 20. Nc4 $1
Qh5 21. Qf3 Ng4 22. h4 Qg6 23. Qe4 Bc5 24. e3 h5 25. Rd1 Qf6 26. Qf3 Qe6 27.
Bd5 Qe7 28. Rd3 g6 29. Rad1 Kg7 30. Qf4 Rfe8 31. b3 f6 32. Bf3 g5 33. Qf5 Nh6 (
33... gxh4 34. Bxg4 hxg4 35. Qxg4+ $18) 34. Qd7 $1 Rxd7 35. Rxd7 Kg6 36. Rxe7
Rxe7 37. Rd5 Ba7 38. hxg5 1-0

[Event "DEN-ch"]
[Site "Denmark"]
[Date "1996.??.??"]
[Round "6"]
[White "Nielsen, Peter Heine"]
[Black "Hansen, Lars Bo"]
[Result "1/2-1/2"]
[WhiteElo "2495"]
[BlackElo "2565"]
[Annotator "Ribli,Z"]
[PlyCount "124"]
[EventDate "1996.??.??"]
[EventType "tourn"]
[EventRounds "9"]
[EventCountry "DEN"]
[EventCategory "9"]
[SourceTitle "CBM 053"]
[Source "ChessBase"]
[SourceDate "1996.08.01"]
[SourceVersion "1"]
[SourceVersionDate "1996.08.01"]
[SourceQuality "1"]

1. c4 e6 2. Nf3 d5 3. g3 c6 $5 {Shirov's Idee: Schwarz will erst seine
Entwicklung am Damenfluegel beenden.} 4. Qc2 dxc4 5. Qxc4 b5 6. Qc2 Bb7 7. Bg2
Nf6 8. O-O (8. a4 a6 9. d3 Be7 10. Nc3 Nbd7 11. O-O O-O 12. Rd1 Rc8 (12... Qb6
$5) 13. e4 Qb6 14. axb5 axb5 15. d4 c5 $13 {Kortschnoj,V-Shirov,A/Biel/1992/
CBM31/INF55,09/}) 8... Nbd7 9. b3 Be7 10. Bb2 Rc8 (10... c5 11. d3 O-O 12. Nbd2
Qb6 13. Rac1 Rac8 14. Qb1 Rfd8 $10 {Horvath,J-Matlak,M/Odorheiu-Z/1995/}) 11.
d3 a6 12. Nbd2 c5 13. a4 Qb6 14. axb5 axb5 15. Qc3 (15. Ne5 Nxe5 16. Bxe5 Bxg2
17. Kxg2 O-O 18. Rfc1 $10) 15... O-O $10 {Schwarz hat die Eroeffnung
zufriedenstellend geloest, seine Figuren stehen gut und er hat keine
Schwaechen.} 16. Qa5 Qc6 17. Rfc1 (17. Ne1 $6 Nd5 {/\ Ra8}) 17... Ra8 18. Qc3
Rfc8 19. Ne1 Qb6 20. Bxb7 Qxb7 21. Nef3 Bf8 22. Qc2 Rab8 23. e4 {Ein
zweischneidiger Versuch, die Stellung zu verschaerfen. Weiss wird jetzt Nd5
verhindern, aber dafuer bleibt der d3 Bauer schwach.} h6 24. Bc3 Ra8 25. Rxa8
Rxa8 26. Ra1 Rxa1+ 27. Bxa1 {Jetzt beginnt ein langweiliges Manoever und fuer
mich ist nicht klar wer auf Gewinn spielt.} Be7 28. Qa2 Bd8 29. Kf1 Nb8 30. Bc3
Nfd7 31. Qa1 f6 (31... Nf6 $10) 32. Ke2 Nc6 33. Qf1 $5 Ndb8 34. h4 Na6 35. Qh3
Qd7 36. Qf1 Bb6 {Schwarz will mehr als Remis erreichen.} 37. Qa1 Nc7 (37...
Nab4 38. Ne1 Kh7 $13) 38. Qg1 Ba5 39. Bxa5 Nxa5 40. Qc1 Qd6 41. e5 $1 {[#]
Dieses positionelle Bauernopfer ist fuer derartige Stellungen typisch: 1.Der
schwarze Mehrbauer ist nicht besonders wertvoll. 2.Der weisse Springer besetzt
ein wichtiges Zentrumsfeld, wo er ausgezeichnet stehen wird.} fxe5 42. Qc3 $1 (
42. Ne4 $2 Nxb3 $19) 42... Nc6 43. Ne4 Nd4+ $8 44. Nxd4 cxd4 45. Qc1 Qb6 46.
Qa3 Qc6 47. Qc5 Qxc5 48. Nxc5 Kf7 $1 {Unglaublich, aber in einigen Zuegen wird
dieser Koenig bis d5 marschieren.} 49. Nd7 Ke7 50. Nxe5 Kd6 51. Nf3 Kd5 52. Nd2
Na6 (52... Kc5 53. Kd1 Kb4 54. Kc2 $10) 53. Kd1 Nb4 54. Ke2 Na2 55. Kd1 e5 56.
f3 Kc5 57. Ne4+ Kd5 58. Kd2 Nb4 59. Nf2 Na6 60. Kc2 Nb4+ 61. Kd2 Na6 62. Kc2
Nb4+ {Ribli} 1/2-1/2

[Event "Julian Borowski-A 3rd"]
[Site "Essen"]
[Date "2001.05.10"]
[Round "8"]
[White "Bischoff, Klaus"]
[Black "Smagin, Sergey"]
[Result "1-0"]
[WhiteElo "2533"]
[BlackElo "2613"]
[Annotator "Ribli,Z"]
[PlyCount "51"]
[EventDate "2001.05.02"]
[EventType "tourn"]
[EventRounds "9"]
[EventCountry "GER"]
[EventCategory "15"]
[SourceTitle "CBM 083"]
[Source "ChessBase"]
[SourceDate "2001.07.05"]
[SourceVersion "1"]
[SourceVersionDate "2001.07.05"]
[SourceQuality "1"]

1. c4 e6 2. g3 d5 3. Bg2 dxc4 {Dieser Zug ist logisch - Schwarz verzichtet auf
Nf6, um Zeit für seine Entwicklung am Damenflügel zu gewinnen.} (3... Nf6) 4.
Qa4+ Nd7 5. Qxc4 c5 6. d3 {Weiß zieht noch nicht 6.Nf3, denn er möchte die
Diagonale des Bg2 so lange wie möglich offen halten.} (6. Nf3) 6... Ne7 {
Das ist eine andere Idee des Zuges 3...dxc4 - Schwarz entwickelt seinen
Springer nach c6, anstelle von f6.} (6... Ngf6) 7. Qb3 (7. Nc3 Nc6 8. Nf3 (8.
Bxc6 $5 bxc6 9. Nf3) 8... Be7 9. O-O O-O 10. Be3 Nb6 11. Qb3 Nd5 {1/2-1/2
Vaganian,R-Kortschnoj,V/Barcelona 1989/CBM 12 (11)}) 7... a6 8. a4 Rb8 $6 {
Dieser Zug wirkt auf den ersten Blick logisch, in Wirklichkeit aber überlässt
er Weiß die Initiative.} (8... Qc7 $5 9. Nf3 (9. a5 Nc6 10. Qa4 Ndb8 $5 11. Bf4
$6 e5 12. Be3 Bd7 13. Nd2 Nb4 14. Qd1 N8c6 $15 {Schlosser,P-Blatny,P/
Altensteig 1991/Inf 56 (14)}) 9... Nc6 10. O-O b6 11. Bf4 Bd6 12. Bxd6 Qxd6 13.
Nbd2 Bb7 14. Nc4 Qc7 15. e3 O-O 16. d4 cxd4 17. exd4 Ne7 18. Rfc1 Rac8 {
1/2-1/2 Lalic,B-Palac,M/Zagreb 1993/CBM 37 ext (40)}) 9. Bf4 $1 e5 10. Bg5 {
[%cal Gg5d8] Während die weißen Figuren aktiv stehen, behindern die schwarzen
Springer die Entwicklung der übrigen Figuren.} f6 (10... h6 $2 11. Bd5 $18 {
[%csl Gd5]}) (10... Qc7 11. Nc3 $14) 11. Bd2 Nc6 12. Nf3 $14 {[%cal Gb3g8] Die
weiße Dame steht aktiv auf b3. Es ist noch keineswegs klar, wie Schwarz die
Rochade realisieren soll,} c4 $5 {Schwarz opfert einen Bauern, um die weiße
Dame von der Diagonale a2-g8 zu verjagen. Schwarz bekommt zwar etwas
Kompensation, aber ich zweifle daran, dass das in diesem Fall ein
ausreichender Gegenwert für den Bauern ist.} (12... Bd6 13. O-O $14 (13. Nc3
$14)) 13. dxc4 (13. Qxc4 $6 Nc5 14. Nc3 Be6 {[%csl Rc4]} 15. Qh4 g5 16. Qh5+
Bf7 $11) 13... Nc5 14. Qe3 $1 (14. Qd1 e4 15. Nh4 Bg4 $44) 14... Be6 (14... Na5
15. Bxa5 Qxa5+ 16. Nbd2 $16) 15. O-O e4 $2 {[%mdl 8192] Dieser Zug ist allzu
optimistisch.} (15... Bxc4 16. Rc1 b5 (16... Nb3 17. Rxc4 Nxa1 18. Qc3 $16 {
[%csl Ra1]}) 17. axb5 axb5 $13) 16. b4 $1 {Nach diesem Zwischenzug befindet
sich Schwarz in großer Not. Sein König steht schlecht in der Mitte.} exf3 17.
bxc5 Nd4 (17... fxg2 18. Qxe6+ Be7 19. Kxg2 $16) 18. Bxf3 Bxc5 19. Bd5 $16 {
Weiß hat einen Mehrbauern. Trotz des aktiven N auf d4 hat Schwarz keine
Kompensation.} Kf7 20. Nc3 Re8 {[%cal Ge8e2]} (20... Bxd5 21. cxd5 Re8 (21...
b5 22. axb5 axb5 23. Qf4 $16) 22. Qd3 $16) 21. Qd3 Kf8 22. Rab1 (22. Qxh7 $5
$18) 22... b5 $2 {Schwarz verliert die Geduld und möchte aktiv spielen. Dieser
Zug jedoch kommt nur seinem Gegner zugute.} (22... Bf5 23. e4 $16) 23. axb5
axb5 24. Be3 $18 {[%mdl 2048]} b4 (24... Bxd5 25. Bxd4 Bxd4 26. Nxd5 $18) 25.
Na4 {Gewinnt eine Figur.} Bxd5 26. Nxc5 {[%csl Rd4,Rd5]} 1-0

[Event "FRA-chT Gp-A"]
[Site "France"]
[Date "2003.02.01"]
[Round "2"]
[White "Kosten, Anthony C"]
[Black "Adams, Michael"]
[Result "0-1"]
[WhiteElo "2545"]
[BlackElo "2734"]
[Annotator "Ribli,Z"]
[PlyCount "66"]
[EventDate "2003.01.31"]
[EventType "team"]
[EventRounds "7"]
[EventCountry "FRA"]
[SourceTitle "CBM 094"]
[Source "ChessBase"]
[SourceDate "2003.05.26"]
[SourceVersion "1"]
[SourceVersionDate "2003.05.26"]
[SourceQuality "1"]
[WhiteTeam "Monaco"]
[BlackTeam "Paris NAO"]
[WhiteTeamCountry "FRA"]
[BlackTeamCountry "FRA"]

1. c4 Nf6 2. g3 e6 3. Bg2 d5 4. Nf3 {Statt dieser Fortsetzung fuehrt 4.d4 zur
Hauptvariante der Katalanischen Eroeffnung.} dxc4 5. Qa4+ c6 {Mit diesem Zug
moechte Schwarz spaeter sein Damenfluegel mit 6...b5 und 7...Bb7 entwickeln.
Ich bemerke, dass diese einfache Spielweise sehr popular in der letzten Zeit
ist.} (5... Nbd7 {Das waere die andere populare Fortsetzung, wonach Schwarz
ausgezeichnete Ausgleichchancen hat.}) 6. Qxc4 b5 7. Qc2 {Das ist die
gewoehnliche Fortsetzung, aber wahrscheinlich ist der andere Damenzug nach b3
aktiver.} (7. Qb3 Bb7 8. O-O Nbd7 9. d4 a6 10. a4 c5 11. axb5 Bd5 12. Qc2 (12.
Qd1 axb5 13. Rxa8 Qxa8 14. Nc3 Bc6 15. Nh4 Bxg2 16. Nxg2 b4 17. Nb5 Qc6 18. Qa4
Be7 19. dxc5 O-O 20. Be3 Bxc5 21. Nc3 Qb7 {#. 0-1 Papaioannou,I-Adams,M/Leon
2001/CBM 86 (43)}) 12... Be4 13. Qd1 axb5 14. Rxa8 Qxa8 15. Bg5 cxd4 16. Bxf6
Nxf6 17. Qxd4 Be7 18. Qb6 Qb7 19. Qxb7 Bxb7 20. Nd4 Bxg2 21. Kxg2 b4 22. Nd2
Kd7 23. Nc4 Rd8 24. Ra1 $14 {0-1 King,D-Adams,M/London 2000/CBM 76/[Rowson] 
(100)}) 7... Bb7 8. O-O Nbd7 9. b3 Be7 10. Bb2 O-O 11. d3 c5 {Schwarz hat eine
bequeme Stellung und keine Probleme.} (11... Rc8 12. Nbd2 c5 13. Rac1 Qb6 14.
Qb1 Rfd8 {1/2-1/2 Ehlvest,J-Grischuk,A/New Delhi/Theran 2000/CBM 80 (14)}) 12.
Nbd2 {Weiß hat eigentlich eine Igelstellung - der Gegner steht aktiver im
Zentrum, aber die weiße Stellung ist fest, obwohl ein wenig passiv.} Nd5 $5 {
[%csl Gd5][%cal Ge7f6,Gf6b2] Schwarz bringt seinen Springer ins Zentrum und
moechte spaeter mit Be7-f6 den Bb2 tauschen.} (12... Qb6 13. Rac1 Rfd8 14. Qb1
Nd5 (14... Rac8 15. Rc2 a6 16. Rfc1 Qa7 17. a3 Qa8 18. Qa1 Nb6 19. Bh3 a5 {
1/2-1/2 Ionescu,C-Rogozenko,D/Bucharest 2002/CBM 88 (28)}) 15. a3 Bf6 16. Rc2
a5 17. Bxf6 N5xf6 18. a4 b4 19. Rfc1 Nd5 20. Qb2 Rac8 21. Ne5 N7f6 22. Nec4 Qa7
{1/2-1/2 Anastasian,A-Godena,M/Batumi 2002/CBM 90 (64)}) 13. Rac1 (13. a3 $11)
13... a5 $1 $36 {[%cal Ga5a4][%mdl 4] Eine sehr starke Fortsetzung - das ist
der Grund, warum Schwarz nicht z.B. Rac8 spielte - der a8R unterstuetzt das
schwarze Spiel am Damenfluegel. Die schwarze positionelle Drohung ist 14...a4,
mit aktivem Spiel.} 14. a4 (14. e4 Nb4 15. Qb1 a4 $36) (14. a3 a4 $36) 14...
Nb4 {[%csl Gb4]} 15. Qb1 bxa4 16. bxa4 Nb6 {Die weiße Bauernstruktur ist
besser, weil der c5P isoliert ist, aber wenn man die Figurenstellung
berücksichtigt, muss man feststellen, dass Schwarz dennoch im Vorteil ist:
Sein b4N ist sehr stark und Weiß muss den a4-Bauern mit der Dame auf a1
verteidigen, was nicht sehr ökonomisch ist.} 17. Qa1 f6 $15 {[%cal Ge6e5]
Schwarz verteidigt sich gegen 18.Bxg7 und möchte nachfolgend e6-e5 ziehen,
wodurch er seine Zentrumstellung verstaerkt.} 18. Nc4 Nxc4 {Schwarz muss so
spielen, sonst kommt Weiß mit 19.Nfd2.} 19. Rxc4 (19. dxc4 $5 Qe8 $15 {[%cal
Ge8a4,Gb7c6,Gc6a4] Die Bauernstellung ist symmetrisch, aber wegen des
aktiveren Figurenspiels steht Schwarz etwas besser.}) 19... Bd5 20. Rc3 (20.
Rcc1 Qd7 $15 {[%cal Gd7b7,Gb7g2]}) 20... Qd7 21. Nd2 {[%cal Gd2c4]} Qb7 $1 22.
Be4 (22. Bxd5 $6 exd5 $15 {[%csl Gc5,Gd5]}) (22. e4 $5 Bc6 23. Nc4) 22... Rab8
{[%csl Rb2][%cal Gb8b2]} (22... f5 $5 23. Bxd5 exd5 $15) 23. Rfc1 Rfc8 (23...
Nxd3 24. Bxd5 exd5 25. Rxd3 Qxb2 26. Qxb2 Rxb2 27. Rxd5 Rd8 28. Rxd8+ Bxd8 29.
Ne4 Rxe2 30. Nxc5 Bb6 $15) 24. Bxd5 {Mit diesem Zug verstaerkt Weiß das
schwarze Bauernzentrum, aber es ist nicht leicht fuer ihn, nuetzliche Zuege zu
finden.} exd5 {[%csl Gd5]} 25. e4 (25. d4 c4 $17) 25... c4 $1 (25... d4 26. Rb3
$15) 26. dxc4 dxe4 $17 {[%csl Yd3][%cal Rb4d3,Rd3c1,Rd3b2] Droht 27...Nd3 mit
sofortigem Gewinn.} 27. Rb3 Qc6 {[%cal Gb4d3][%mdl 2048] Jetzt droht wieder 28.
..Nd3.} 28. Ba3 Qxa4 {Schwarz hat einen Bauern mehr und die viel bessere
Stellung.} 29. Qb1 f5 30. Nf1 Nc6 $19 {[%cal Gc6d4,Gd4b3,Gd4f3] Dieser Zug
gewinnt Material, Schwarz steht auf Gewinn.} 31. Rcc3 Qxa3 {[%cal Gb8b1]} 32.
Ne3 (32. Rxa3 Rxb1 $19) 32... Qc5 33. Nd5 Rxb3 0-1

[Event "Capablanca Memorial-B"]
[Site "Matanzas"]
[Date "1994.??.??"]
[Round "11"]
[White "Paneque, Pedro"]
[Black "Antunes, Antonio"]
[Result "0-1"]
[WhiteElo "2410"]
[BlackElo "2465"]
[Annotator "Ribli,Z"]
[PlyCount "62"]
[EventDate "1994.??.??"]
[EventType "tourn"]
[EventRounds "13"]
[EventCountry "CUB"]
[EventCategory "8"]
[SourceTitle "CBM 043"]
[Source "ChessBase"]
[SourceDate "1994.12.01"]
[SourceVersion "1"]
[SourceVersionDate "1994.12.01"]
[SourceQuality "1"]

1. c4 e6 2. Nf3 d5 3. b3 Nf6 4. g3 a5 $5 5. Bg2 (5. Bb2 a4 6. Qc1 $13 {Farago,
S-Polgar,Zso/Budapest Exp (07)/CBM37/}) 5... a4 6. d3 axb3 7. Qxb3 Be7 8. O-O
O-O 9. Nbd2 (9. Nc3 Nbd7 10. d4 c6 11. Rd1 b6 12. Nd2 Ba6 13. cxd5 cxd5 $10 {
Casafus,R-Zarnicki,P/San Martin/1994/CBM42/}) 9... Nbd7 10. Qc2 (10. Bb2 Nc5
11. Qc2 Na4 $10) 10... c6 11. cxd5 exd5 12. Nd4 Re8 13. Bb2 Bf8 14. N2f3 Nc5 (
14... c5 15. Nb5 b6 $10) 15. h3 $6 (15. a4 $5 Bd7 $10) 15... Na4 16. Bc1 c5 17.
Nb3 (17. Nb5 Bd7 $15) 17... d4 18. e4 dxe3 19. Bxe3 (19. fxe3 Nd5 $15) 19...
Bf5 20. Nc1 (20. Rad1 $2 c4 $1 21. Qxc4 Nb2 $19) 20... Nd5 21. Bd2 Be7 (21...
Nb4 22. Bxb4 cxb4 23. Nh4 $15) 22. Rb1 b6 23. Rb3 $6 (23. Ne5 $5 Bf6 24. Nc4 h5
$15) 23... Bf6 24. Re1 Rxe1+ 25. Bxe1 h6 26. Kh2 Qd7 27. Bd2 Rc8 28. Qd1 b5 $1
29. Ne2 b4 (29... c4 30. dxc4 bxc4 31. Ra3 Nb2 $17) 30. Nf4 Nxf4 31. Bxf4 Nb2
0-1

[Event "Noviki-A"]
[Site "Budapest"]
[Date "1990.??.??"]
[Round "8"]
[White "Csom, Istvan"]
[Black "Horvath, Jozsef"]
[Result "1/2-1/2"]
[WhiteElo "2505"]
[BlackElo "2525"]
[Annotator "Ribli,Z"]
[PlyCount "88"]
[EventDate "1990.??.??"]
[EventType "tourn"]
[EventRounds "11"]
[EventCountry "HUN"]
[EventCategory "9"]
[SourceTitle "CBM 019"]
[Source "ChessBase"]
[SourceDate "1990.12.01"]
[SourceVersion "1"]
[SourceVersionDate "1990.12.01"]
[SourceQuality "1"]

1. c4 e6 2. Nf3 d5 3. g3 g6 4. Bg2 Bg7 5. d4 Ne7 6. O-O O-O 7. cxd5 (7. Qc2 b6
8. cxd5 exd5 9. Bf4 Nbc6 10. Nc3 Bf5 11. Qa4 Qd7 12. Rfe1 $13 {Gurevich,
M-Bareev URS CBM 6}) (7. Nbd2 Nbc6 8. e3 a5 $6 (8... Re8 $5) 9. b3 b6 10. Bb2
Bb7 11. a3 $14 {Kortschnoj,V-Short,N Skelleftea WCup 1989 48/(4) CBM 14}) 7...
exd5 8. Nc3 Nbc6 9. b3 (9. Bf4 Be6 10. Qd2 Nf5 11. Rfd1 $1 Nce7 12. Nb5 $1 (12.
Rac1 c6 $13 {Horvath,Gy-Gurevich,M Eger 1987 44/(8)}) 12... c6 13. Nc7 Rc8 14.
Nxe6 fxe6 15. Qb4 $14 {Chernin}) 9... Nf5 10. e3 Nce7 11. Ba3 Re8 12. Ne5 c6
13. Na4 Nd6 14. Rc1 Nef5 15. Bb2 f6 16. Nd3 Be6 17. Nf4 (17. Nac5 Bf7) 17...
Bf7 18. Re1 h5 19. Nc5 Re7 20. e4 $5 dxe4 21. Nxe4 Nxe4 22. Bxe4 Bh6 23. Qf3
$14 Qd6 24. Bxf5 gxf5 25. Rxe7 Qxe7 26. d5 Rd8 27. dxc6 bxc6 28. h4 (28. Rxc6
$2 Bxf4 $19) 28... c5 29. Bc3 Qe4 30. Qxe4 fxe4 31. Bxf6 Bxf4 32. gxf4 Rc8 33.
f5 c4 34. Rc3 Rc5 35. bxc4 Rxf5 36. Be7 Rf3 37. Rc1 e3 38. fxe3 Rxe3 39. Bg5
Re4 40. c5 Rc4 41. Rxc4 Bxc4 42. a3 Kf7 43. Kf2 Bb5 44. Ke3 Ke6 {Ribli} 1/2-1/2

[Event "Tatran Cup"]
[Site "Stary Smokovec"]
[Date "1990.??.??"]
[Round "4"]
[White "Tibensky, Robert"]
[Black "Blatny, Pavel"]
[Result "0-1"]
[WhiteElo "2385"]
[BlackElo "2510"]
[Annotator "Ribli,Z"]
[PlyCount "106"]
[EventDate "1990.??.??"]
[EventType "tourn"]
[EventRounds "11"]
[EventCountry "CSR"]
[EventCategory "10"]
[SourceTitle "CBM 021"]
[Source "ChessBase"]
[SourceDate "1991.04.01"]
[SourceVersion "1"]
[SourceVersionDate "1991.04.01"]
[SourceQuality "1"]

1. Nf3 d5 2. c4 e6 3. g3 dxc4 4. Qa4+ Nd7 5. Bg2 a6 6. Qxc4 b5 7. Qc2 Bb7 8.
O-O Ngf6 9. b3 c5 10. d3 Be7 11. Bb2 O-O 12. Nbd2 Rc8 13. Rac1 Nd5 {1/4-1/4
Damljanovic,B-Kortschnoj,V Manila izt 1990 CBM/19} 14. Qb1 Bf6 15. Ne4 Bxb2 16.
Qxb2 Qe7 17. Ne5 Nxe5 18. Qxe5 Rfd8 19. h4 f6 20. Qb2 f5 21. Nd2 e5 22. a3 Rd6
23. e4 Nf6 $1 (23... fxe4 24. Nxe4 $1 $14) 24. exf5 Bxg2 25. Kxg2 Rxd3 26. Rfe1
Qd7 $1 27. Rc2 Qd5+ 28. Kg1 e4 29. a4 Rd8 30. Re2 Qxf5 31. axb5 Qh3 32. Re1 e3
$1 33. Nf1 Rd1 34. Qc3 exf2+ 35. Rxf2 axb5 36. Re7 Qg4 37. Rf4 Qg6 38. Qf3 R1d3
39. Re3 Rxe3 40. Qxe3 Nd5 41. Qd2 Qb6 42. Rf2 c4 43. bxc4 bxc4 44. Kg2 Nf6 45.
Qa2 Qc6+ 46. Kg1 Rd1 47. Qc2 Re1 48. Qc3 Qe6 49. Rc2 Ng4 50. Rd2 (50. Qxc4 Qxc4
51. Rxc4 Rxf1+ $1 52. Kxf1 Ne3+ $19) 50... Ne5 51. Rf2 Nd3 52. Rc2 Qe3+ 53. Kh2
Re2+ 0-1